000 00642 a2200241 4500
001 200130265
650 0 _938306
_aConstitutions
_zTurkey
650 _938301
_aAnayasalar
_zTürkiye
999 _c200130265
_d30774
003 TR-AnTOB
005 20210730102908.0
008 130816s tu 000 0
020 _a9786051461250
040 _aTR-AnTOB
041 _atur
050 _aKKX2070
_bY84 2012
090 _aKKX2070.Y84 2012
100 1 _aYüksel, İsmail
_992310
245 0 _aAnayasa yargısında yorumlu ret kararı /
_cİsmail Yüksel.
264 1 _aAnkara :
_bAdalet yayınevi,
_c2012.
300 _a159 s. :
_b29 sm.
999 _tT.o 02.05.2013
942 _cBK